| 000 | 00820nam a22002537a 4500 | ||
|---|---|---|---|
| 003 | DO-SdBNP | ||
| 005 | 20210823161331.0 | ||
| 008 | 210818b 2017 dr |||| 00| 0 spa d | ||
| 020 | _a9789945503074 | ||
| 040 |
_aBPMSU _bSpa _cBPMSU |
||
| 082 |
_aRD863.5 _bB142d 2017 _222 |
||
| 100 |
_aBáez , Rodolfo _d1983- |
||
| 245 | 1 | 3 |
_aDomadora de autos / _cRodolfo Báez, |
| 260 |
_aSanto Domingo : _bEditora Nacional, _c2017. |
||
| 300 |
_a77 p ; _c20 cm. |
||
| 490 | 0 | _aNarrrativa | |
| 500 | _aIncluye datos biográficos del autor en la solapa de la cubierta | ||
| 590 | _aInvetariado,2021/VM | ||
| 650 | 4 | _aCuentos dominicanos | |
| 650 | 4 | _aLiteratura juvenil dominicana | |
| 711 | 2 |
_aFeria Regional del Libro _n(13a : _d2017 : _cAzua , República Dominicana ) |
|
| 910 | _aMcabrera / VMateo v. | ||
| 942 |
_2ddc _cBK |
||
| 999 |
_c13661 _d13661 |
||